| 000 | 00494nam a2200145Ia 4500 | ||
|---|---|---|---|
| 008 | 170221s9999 xx 000 0 und d | ||
| 100 | _aYasid | ||
| 245 | _aFactors Affecting Muslim Students Awareness of Halal Products in Yogyakarta, Indonesia | ||
| 245 | _cYasid, Fikri Farhan, Yuli Andriansyah | ||
| 260 | _bInternational Review of Management and Marketing | ||
| 260 | _c2012 | ||
| 300 | _a: | ||
| 650 | _xMarketing. | ||
| 856 | _uhttp://www.econjournals.com/index.php/irmm/issue/view/77 | ||
| 999 |
_c313945 _d313945 |
||